La matemática moderna en la enseñanza primaria
Zapisane w:
| 1. autor: | |
|---|---|
| Format: | Książka |
| Język: | hiszpański |
| Wydane: |
Barcelona
Teide
1969
|
| Wydanie: | 2a. ed |
| Seria: | Enseñanza de la matemática moderna, 1
|
| Hasła przedmiotowe: | |
| Etykiety: |
Dodaj etykietę
Nie ma etykietki, Dołącz pierwszą etykiete!
|
MARC
| LEADER | 00000nam a2200000 a 4500 | ||
|---|---|---|---|
| 001 | UCZ0771 | ||
| 003 | CL-VaPUC | ||
| 008 | 950809e19690000SP |||||||||||||||||spa|d | ||
| 082 | 0 | 4 | |a 372.7 |b DIE |2 21 |
| 100 | 0 | |a Dienes, Zoltán P |e author |9 340181 | |
| 245 | 1 | 3 | |a La matemática moderna en la enseñanza primaria |
| 250 | |a 2a. ed | ||
| 300 | |a 98 p | ||
| 942 | |c BK | ||
| 945 | |d 19950809 00:00:00 |a cmena | ||
| 260 | |a Barcelona |b Teide |c 1969 | ||
| 650 | 0 | |a Matemáticas |x Enseñanza |9 875527 | |
| 650 | 0 | |a Educación básica |9 224933 | |
| 650 | 0 | |a Métodos de enseñanza |9 270413 | |
| 650 | 0 | |a Matemática |9 260235 | |
| 583 | |a last modification |c 19950809 00:00:00 |k Rodrigo Vera | ||
| 490 | 0 | |a Enseñanza de la matemática moderna, 1 | |
| 999 | |c 237677 |d 237675 | ||
| 952 | |0 0 |1 0 |4 0 |6 372_700000000000000_DIE_1969 |7 0 |8 P |9 247263 |a BIBEDU |b BIBEDU |c BIBEDU_PB |d 2019-11-18 |i 1554948 |o 372.7 DIE 1969 |p 1554948 |r 2024-01-25 |w 2019-11-18 |y BK |k EDU | ||